| 000 | 00365nam a2200133Ia 4500 | ||
|---|---|---|---|
| 008 | 230312s9999||||xx |||||||||||||| ||und|| | ||
| 082 |
_a629.132 _bBAS-A |
||
| 100 | _aM.Haufe | ||
| 245 | 0 | _aBasic Workshop Practices & Engineering Drawing:P/66-C/001(P-2) | |
| 260 |
_bPerth College _c2006 |
||
| 300 | _a62 | ||
| 650 |
_aAviation _vEngineering/Technology |
||
| 942 | _cBK | ||
| 999 |
_c12933 _d12933 |
||